| 000 | 00992nmc a2200361 a 4500 | ||
|---|---|---|---|
| 003 | AR-BaBNM | ||
| 005 | 20251128211759.0 | ||
| 008 | 106020s1995 ||||||||||||||000 | spa|| | ||
| 020 | _a84-7731-205-2 | ||
| 040 | _cAR-BaBNM | ||
| 245 | 1 | 0 | _aEscuela, poder y subjetivación |
| 260 |
_aMadrid _c1995 _bEdiciones de La Piqueta |
||
| 300 | 0 | _a366 p. | |
| 490 | 0 |
_aGenealogía del poder _vno. 26 |
|
| 650 | 4 | _aSOCIOLOGIA DE LA EDUCACION | |
| 650 | 4 | _aSUBJETIVIDAD | |
| 650 | 4 | _aESTADO Y EDUCACION | |
| 650 | 4 | _aPOLITICA EDUCATIVA | |
| 653 | 0 | _aPEDAGOGIA CRITICA | |
| 653 | 0 | _aEDUCACION Y PODER | |
| 653 | 0 | _aRELACION PEDAGOGICA | |
| 700 | 1 |
_aLarrosa, Jorge _eeditor |
|
| 700 | 1 | _aDíaz, Mario César | |
| 700 | 1 | _aDonald, James | |
| 700 | 1 | _aHunter, Ian | |
| 700 | 1 | _aVarela, Julia | |
| 700 | 1 | _aWalkerdine, Valerie | |
| 700 | 1 |
_aSobregués, Noemí _etraductor |
|
| 800 | 1 | _aVarela, Julia | |
| 800 | 1 | _aAlvarez-Uría, Fernando | |
| 942 | _cBK | ||
| 998 | _cme-solo cat | ||
| 999 |
_c21075 _d21075 |
||